Visual Communication Images With Messages (Record no. 301727)
[ view plain ]
| 000 -LEADER | |
|---|---|
| fixed length control field | 00393nam a2200145Ia 4500 |
| 008 - FIXED-LENGTH DATA ELEMENTS--GENERAL INFORMATION | |
| fixed length control field | 230718s9999 xx 000 0 und d |
| 041 ## - LANGUAGE CODE | |
| Language code of text/sound track or separate title | eng |
| 082 ## - DEWEY DECIMAL CLASSIFICATION NUMBER | |
| Classification number | 302.23 |
| Item number | LES |
| 100 ## - MAIN ENTRY--PERSONAL NAME | |
| Personal name | Lester P.M. |
| 9 (RLIN) | 187158 |
| 245 ## - TITLE STATEMENT | |
| Title | Visual Communication Images With Messages |
| 260 ## - PUBLICATION, DISTRIBUTION, ETC. (IMPRINT) | |
| Date of publication, distribution, etc. | 1999 |
| Name of publisher, distributor, etc. | Wadsworth |
| 365 ## - TRADE PRICE | |
| Currency code | Rs. |
| Price amount | 590.40 |
| 700 ## - ADDED ENTRY--PERSONAL NAME | |
| Personal name | Lester P.M. |
| 9 (RLIN) | 187158 |
| 906 ## - LOCAL DATA ELEMENT F, LDF (RLIN) | |
| d | B:45712-May-2001 |
| c | OTH |
| b | 88.56 |
| Withdrawn status | Lost status | Damaged status | Not for loan | Home library | Current library | Date acquired | Vendor | Budget Code | Cost, normal purchase price | Bill number | Total Checkouts | Full call number | Barcode | Date last seen | Discount | Cost, replacement price | Bill Date | Koha item type | Original Barcode |
|---|---|---|---|---|---|---|---|---|---|---|---|---|---|---|---|---|---|---|---|
| Cummins College of Engineering for Women Pune | Cummins College of Engineering for Women Pune | 10/07/2001 | Technical Book Services | OTH | 501.84 | 457 | 302.23 | CCEP-BK-12933 | 18/07/2023 | 88.56 | 590.40 | 12/05/2001 | Books | 012933 |